000 00465 a2200169 4500
001 105511
041 _apor
090 _aP Nursery [E]
250 _a. ed.
300 _a2 v.(sem paginação)
697 _aNursery - Programa - 2015.
700 _aMaple Bear Global Schools.
040 _aBR-BrIDEA
_cBR-BrIDEA
245 1 0 _aNursery program 2015
_bunidades 1 a 15
_cMaple Bear Global Schools
260 _a[S.l.]
_bMaple Bear Global Schools
_c2015
942 _cBK
999 _c105511
_d105511